Učíme sa rátať. /

Uložené v:
Podrobná bibliografia
Hlavný autor: Scarry, Richard (Author)
Médium: Kniha
Jazyk:Slovak
Vydané: Bratislava : Egmont Neografia s.r.o., 1993
Vydanie:1. vyd.
Témy:
ISBN: 8071345911 (brož.)
Fyzický popis: Nestr.
Tagy: Pridať tag
Žiadne tagy, Buďte prvý kto otaguje tento záznam!

MARC

LEADER 00000nam a2200000 a 4500
001 000071313
003 SVKK
005 20010430000000.0
008 991230s1993 xo e sloo
020 |a 8071345911 (brož.) 
040 |a SVKKK  |b slo  |c SVKKK  |e AACR2 
041 1 |a slo 
044 |a xo  |c SK 
080 |a 087.5  |2 1997 
100 1 |a Scarry, Richard  |4 aut 
245 1 0 |a Učíme sa rátať. /  |c Richard Scarry 
250 |a 1. vyd. 
260 |a Bratislava :  |b Egmont Neografia s.r.o.,  |c 1993 
300 |a Nestr. 
655 7 |a publikácie pre deti  |2 SVKKKPH 
910 |a svkkk 
919 |a 80-7134-591-1 
974 |a MI  |d 19991230 
974 |a PA  |d 19991230 
974 |a PA  |d 20010430 
998 |a BK 
090 |g SCKHL  |k Sklad Hlavná 10 prízemie  |a I.65204  |j 869301  |i 2720379760  |s Absenčne